| 000 | 01066cam a22002651i 4500 | ||
|---|---|---|---|
| 003 | SA-RiAUC | ||
| 005 | 20250803085702.0 | ||
| 008 | 250729s2000 su g 00000 ara c | ||
| 040 |
_aSA-RiAUC _bara _cSA-RiAUC _erda |
||
| 043 | _aa-su--- | ||
| 082 | 0 | 4 |
_a953.122 _qSA-RiAUC |
| 090 |
_a953.122 _bغ ا م |
||
| 100 | 1 |
_aالغامدي، عاصم حمدان علي، _d1373 هجري- _eمؤلف. |
|
| 245 | 1 | 0 |
_aهتاف من باب السلام : _bلمحات من تاريخ المدينة المنورة / _cعاصم حمدان ؛ تقديم غازي بن عبيد مدني. |
| 250 | _aالطبعة الأولى. | ||
| 264 | 1 |
_aجدة، السعودية : _bمكتبة دار جدة، _c2000. |
|
| 300 |
_a56 صفحة ؛ _c24 سم |
||
| 336 |
_aنص _btxt _2rdacontent _3كتاب |
||
| 337 |
_aبدون وسيط _bn _2rdamedia |
||
| 338 |
_aمجلد _bnc _2rdacarrier |
||
| 651 | 7 |
_aالمدينة المنورة _xتاريخ _2aucsh |
|
| 700 | 1 |
_aمدني، غازي عبيد _eمقدم. |
|
| 942 |
_2ddc _cBOOK _n0 |
||
| 949 |
_aSA-JeALM _d250729 _umohamedma123 _n1 |
||
| 999 |
_c10515 _d10515 |
||